Sports Quiz

Random Sports Quiz

QB's of D I Schools Quiz Stats

 Plays Quiz not verified by Sporcle

Also try: NHL Captains
Challenge
Share
Tweet
Embed
Score 0/120 Timer 15:00
0 Plays Today
QB of QB of % Correct
FloridaTim Tebow
76.5%
TexasColt McCoy
73.2%
VanderbiltLarry Smith
67.8%
Florida AtlanticRusty Smith
67.8%
Notre DameJimmy Clausen
67.1%
OklahomaLandry Jones
65.8%
Ohio StateTerrelle Pryor
65.8%
IllinoisJuice Williams
64.4%
Texas A&MJerrod Johnson
61.7%
USCMatt Barkley
55.7%
Miami (FL)Jacory Harris
54.4%
MichiganTate Forcier
53%
Cincinnati Tony Pike
51%
Oklahoma StateZac Robinson
49%
WashingtonJake Locker
47.7%
Virginia TechTyrod Taylor
47%
OregonJeremiah Masoli
45.6%
SyracuseGreg Paulus
44.3%
HoustonCase Keenum
44.3%
ArkansasRyan Mallett
43.6%
Penn StateDaryll Clark
43%
StanfordAndrew Luck
41.6%
KansasTodd Reesing
38.9%
IowaRicky Stanzi
38.9%
Boise StateKellen Moore
38.3%
Brigham YoungMax Hall
37.6%
LSUJordan Jefferson
36.9%
MississippiJevan Snead
36.9%
Air ForceTim Jefferson
36.2%
Florida StateChristian Ponder
34.9%
AlabamaGreg McElroy
34.2%
GeorgiaJoe Cox
34.2%
South CarolinaStephen Garcia
34.2%
West VirginiaJarrett Brown
33.6%
TroyLevi Brown
33.6%
Tennessee Jonathan Crompton
32.9%
Wake ForestRiley Skinner
31.5%
Central MichiganDan LeFevour
30.2%
North Carolina StateRussell Wilson
29.5%
Georgia TechJosh Nesbitt
28.9%
QB of QB of % Correct
PittsburghBill Stull
25.5%
NebraskaZac Lee
25.5%
Texas TechTaylor Potts
25.5%
Mississippi StateTyson Lee
25.5%
ClemsonKyle Parker
24.2%
NorthwesternMike Kafka
23.5%
DukeThaddeus Lewis
22.1%
North CarolinaT.J. Yates
22.1%
CaliforniaKevin Riley
22.1%
AuburnChris Todd
20.8%
South FloridaB.J. Daniels
19.5%
TulaneRyan Griffin
19.5%
MissouriBlaine Gabbert
18.1%
TCUAndy Dalton
18.1%
Boston CollegeDave Shinskie
16.8%
MarshallBrian Anderson
15.4%
MarylandChris Turner
14.8%
Michigan StateKirk Cousins
14.8%
NevadaColin Kaepernick
14.1%
MinnesotaAdam Weber
13.4%
VirginiaJameel Sewell
12.8%
RutgersTom Savage
12.8%
East Carolina Patrick Pinkney
12.8%
ArizonaNick Foles
12.8%
IndianaBen Chappell
12.1%
Oregon StateSean Canfield
12.1%
Southern MissMartevious Young
11.4%
Wisconsin Scott Tolzien
10.7%
NavyRicky Dobbs
10.1%
PurdueJoey Elliott
8.7%
UCLAKevin Prince
8.7%
KentuckyMorgan Newton
8.7%
Southern MethodistBo Levi Mitchell
8.1%
BaylorNick Florence
7.4%
UABJoe Webb
7.4%
Iowa StateAusten Arnaud
6%
Louisville Adam Froman
4.7%
TulsaG.J. Kinne
4.7%
Bowling GreenTyler Sheehan
4.7%
Washington StateJeff Tuel
4.7%
QB of QB of % Correct
North TexasRiley Dodge
4.7%
ColoradoTyler Hansen
4%
UtahTerrance Cain
4%
WyomingAustyn Carta-Samuels
4%
Arizona StateDanny Sullivan
4%
Kansas StateGrant Gregory
3.4%
BuffaloZach Maynard
3.4%
OhioTheo Scott
3.4%
ToledoAaron Opelt
3.4%
UTEPTrevor Vittatoe
2.7%
Middle Tennessee StateDwight Dasher
2.7%
IdahoNathan Enderle
2.7%
Louisiana TechRoss Jenkins
2.7%
ArmyTrent Steelman
2%
Ball StateKelly Page
2%
Miami (OH)Zac Dysert
2%
Northern IllinoisChandler Harnish
2%
Western MichiganTim Heller
2%
San Diego StateRyan Lindley
2%
UNLVOmar Clayton
2%
Arkansas StateCorey Leonard
2%
ConnecticutCody Endres
1.3%
RiceNick Fanuzzi
1.3%
UCFBrett Hodges
1.3%
AkronPatrick Nicely
1.3%
Eastern MichiganKyle McMahon
1.3%
Kent StateSpencer Keith
1.3%
TempleVaughn Charlton
1.3%
Colorado StateGrant Stucker
1.3%
New MexicoDonovan Porterie
1.3%
Florida InternationalPaul McCall
1.3%
Louisiana-LafayetteChris Masson
1.3%
Louisiana-MonroeTrey Revell
1.3%
Western KentuckyKawaun Jakes
1.3%
Fresno StateRyan Colburn
1.3%
San Jose StateJordan La Secla
1.3%
Utah StateDiondre Borel
1.3%
MemphisWill Hudgens
0.7%
HawaiiBryant Moniz
0.7%
New Mexico StateJeff Fleming
0.7%

You're not logged in!

Compare scores with friends on all Sporcle quizzes.
Join for Free
OR
Log In

You Might Also Like...

Show Comments

Extras

Created Nov 22, 2009ReportNominate
Tags:D-I Schools, school

Top Quizzes Today


Score Distribution

Your Account Isn't Verified!

In order to create a playlist on Sporcle, you need to verify the email address you used during registration. Go to your Sporcle Settings to finish the process.

Report this User

Report this user for behavior that violates our Community Guidelines.

Details: